Legénypróba. Egy farsangi játék mai funkciója
Elmentve itt :
| Szerző: | |
|---|---|
| Adatforrás: | Meister |
| Forrásdokumentuma: | Látó. - 1 sz., 1990, 79-85 p. |
| Nyelv: | magyar |
| Kulcsszavak: | etnográfia farsang népszokások |
| LEADER | 00397nab a2200145 i 4500 | ||
|---|---|---|---|
| 001 | bibPRO00009955 | ||
| 008 | 060524s1990 xx hun | ||
| 040 | |a Sz1 | ||
| 041 | |a hun | ||
| 100 | 1 | |a BARABÁS László | |
| 245 | 1 | 0 | |a Legénypróba. Egy farsangi játék mai funkciója |c BARABÁS László |
| 695 | |a etnográfia | ||
| 695 | |a farsang | ||
| 695 | |a népszokások | ||
| 773 | 0 | |t Látó. - |g 1 sz., 1990, 79-85 p. | |